Costa Rica y Centroamérica en la Sociedad de Naciones (1920-1939). Descripción y análisis de una actuación diplomática

Salvato in:
Dettagli Bibliografici
Autore principale: Segura, Jorge Rhenán
Natura: testo
Pubblicazione: s.n.t :
Tags: Aggiungi Tag
Nessun Tag, puoi essere il primo ad aggiungerne!!

MARC

LEADER 00000 a a2200000 04500
001 14591
003
040
090 |a 021000  
100 |a Segura, Jorge Rhenán  
245 |a Costa Rica y Centroamérica en la Sociedad de Naciones (1920-1939). Descripción y análisis de una actuación diplomática  
260 |a s.n.t :  
300 |a p. varia.  
999 |c 11152  |d 11152